Danny the Champion of the World / (Record no. 427)

MARC details
000 -LEADER
fixed length control field 02462nam a22004937a 4500
001 - CONTROL NUMBER
control field 427
003 - CONTROL NUMBER IDENTIFIER
control field FISKH
005 - DATE AND TIME OF LATEST TRANSACTION
control field 20230420092805.0
008 - FIXED-LENGTH DATA ELEMENTS--GENERAL INFORMATION
fixed length control field 230420b cb ||||| |||| 00| 0 eng d
020 ## - INTERNATIONAL STANDARD BOOK NUMBER
International Standard Book Number 9780142410332
035 ## - SYSTEM CONTROL NUMBER
System control number (OCoLC)ocn966392642
040 ## - CATALOGING SOURCE
Original cataloging agency YDX
Language of cataloging eng
Transcribing agency YDX
Description conventions rda
Modifying agency BDX
-- SMDRL
-- CHILD
-- EHH
-- OCLCF
-- JAS
-- SLPLM
-- FLWMD
-- KUA
-- JDP
-- OCLCO
-- AU@
-- OCL
-- WYG
-- OCLCO
-- OCL
-- OCLCA
-- DLC
-- FISKH
042 ## - AUTHENTICATION CODE
Authentication code lccopycat
050 00 - LIBRARY OF CONGRESS CALL NUMBER
Classification number PZ7.D1515
Item number Dan 2017
082 00 - DEWEY DECIMAL CLASSIFICATION NUMBER
Classification number 823.914
Edition number 23
100 1# - MAIN ENTRY--PERSONAL NAME
Personal name Dahl, Roald,
Relator term author.
245 10 - TITLE STATEMENT
Title Danny the Champion of the World /
Statement of responsibility, etc. Roald Dahl ; illustrated by Quentin Blake.
264 #1 - PRODUCTION, PUBLICATION, DISTRIBUTION, MANUFACTURE, AND COPYRIGHT NOTICE
Place of production, publication, distribution, manufacture New York, New York :
Name of producer, publisher, distributor, manufacturer Puffin Books,
Date of production, publication, distribution, manufacture, or copyright notice 2017.
300 ## - PHYSICAL DESCRIPTION
Extent 205, 13 pages :
Other physical details illustrations ;
Dimensions 20 cm
336 ## - CONTENT TYPE
Content type term text
Content type code txt
Source rdacontent
337 ## - MEDIA TYPE
Media type term unmediated
Media type code n
Source rdamedia
338 ## - CARRIER TYPE
Carrier type term volume
Carrier type code nc
Source rdacarrier
505 0# - FORMATTED CONTENTS NOTE
Formatted contents note Machine generated contents note: 1.The Filling Station -- 2.The Big Friendly Giant -- 3.Cars and Kites and Fire Balloons -- 4.My Father's Deep Dark Secret -- 5.The Secret Methods -- 6.Mr. Victor Hazell -- 7.The Baby Austin -- 8.The Pit -- 9.Doc Spencer -- 10.The Great Shooting Party -- 11.The Sleeping Beauty -- 12.Thursday and School -- 13.Friday -- 14.In the Wood -- 15.The Keeper -- 16.The Champion of the World -- 17.The Taxi -- 18.Home -- 19.Rockabye Baby -- 20.Good-bye Mr. Hazell -- 21.Doc Spencer's Surprise.
520 ## - SUMMARY, ETC.
Summary, etc. A young English boy describes his relationship with his father and the special adventure they share together.
521 8# - TARGET AUDIENCE NOTE
Target audience note 770 <br/>
Source Lexile
521 8# - TARGET AUDIENCE NOTE
Target audience note M<br/>
Source Raz-Plus
526 0# - STUDY PROGRAM INFORMATION NOTE
Program name Accelerated Reader AR
Interest level MG
Reading level 4.7
Title point value 6
Public note 5007.
650 #1 - SUBJECT ADDED ENTRY--TOPICAL TERM
Topical term or geographic name entry element Fathers and sons
Form subdivision Fiction.
650 #7 - SUBJECT ADDED ENTRY--TOPICAL TERM
Topical term or geographic name entry element Poaching.
Source of heading or term fast
Authority record control number or standard number (OCoLC)fst01067580
650 #7 - SUBJECT ADDED ENTRY--TOPICAL TERM
Topical term or geographic name entry element Parent and child.
Source of heading or term fast
Authority record control number or standard number (OCoLC)fst01053308
650 #7 - SUBJECT ADDED ENTRY--TOPICAL TERM
Topical term or geographic name entry element Humorous stories.
Source of heading or term fast
Authority record control number or standard number (OCoLC)fst00963818
650 #7 - SUBJECT ADDED ENTRY--TOPICAL TERM
Topical term or geographic name entry element Fathers.
Source of heading or term fast
Authority record control number or standard number (OCoLC)fst00921865
650 #7 - SUBJECT ADDED ENTRY--TOPICAL TERM
Topical term or geographic name entry element Criminals.
Source of heading or term fast
Authority record control number or standard number (OCoLC)fst00883516
650 #7 - SUBJECT ADDED ENTRY--TOPICAL TERM
Topical term or geographic name entry element Children's stories.
Source of heading or term fast
Authority record control number or standard number (OCoLC)fst00856632
650 #7 - SUBJECT ADDED ENTRY--TOPICAL TERM
Topical term or geographic name entry element Fathers and sons.
Source of heading or term fast
Authority record control number or standard number (OCoLC)fst00921899
655 #7 - INDEX TERM--GENRE/FORM
Genre/form data or focus term Humorous fiction.
Source of term lcgft
655 #7 - INDEX TERM--GENRE/FORM
Genre/form data or focus term Humorous fiction.
Source of term fast
Authority record control number or standard number (OCoLC)fst01726649
655 #7 - INDEX TERM--GENRE/FORM
Genre/form data or focus term Fiction.
Source of term fast
Authority record control number or standard number (OCoLC)fst01423787
655 #7 - INDEX TERM--GENRE/FORM
Genre/form data or focus term Juvenile works.
Source of term fast
Authority record control number or standard number (OCoLC)fst01411637
700 1# - ADDED ENTRY--PERSONAL NAME
Personal name Blake, Quentin,
Relator term illustrator.
906 ## - LOCAL DATA ELEMENT F, LDF (RLIN)
a 7
b cbc
c copycat
d 2
e ncip
f 20
g y-gencatlg
942 ## - ADDED ENTRY ELEMENTS (KOHA)
Source of classification or shelving scheme Dewey Decimal Classification
Koha item type Books
Suppress in OPAC No
Holdings
Withdrawn status Lost status Source of classification or shelving scheme Damaged status Not for loan Collection Home library Current library Shelving location Date acquired Total Checkouts Full call number Barcode Date last seen Date last checked out Price effective from Koha item type
    Dewey Decimal Classification     Juvenile Fiction Footprints International School Library Network Toul Kork Campus Footprints International School Library Network Toul Kork Campus TK Primary Library Room(4th Floor), Bookcase 5&6, Shelves 33-56, Orange Books 04/20/2023 3 DAH 823.924 PZ7.D1515 FISTK00024 03/19/2026 08/29/2025 04/20/2023 Books